000 00505nam a2200169 i 4500
001 35059
003 ES-MaACL
005 20230906155039.0
007 t|
008 030211s1965 sp ||||1| spa d
100 1 _aBorrás Vidaola, Enrique.
_930563
245 1 3 _aLa monarquía
_b: nacionalidad instituída /
_cE. Borrás Vidaola.
260 _aMadrid :
_b[s.n.,
_c1965] (
_fImp. P. López)
300 _a63 p. ;
_c17 cm.
852 _aES-MaACL
_jC-27034
_bR.55760
852 _aES-MaACL
_jC-31194
_bR.61748
999 _c35059
_d35059